00458 2200181 4500001002100000005001500021008004100036020001800077035002000095082001100115084001700126100002900143245002800172250001000200260003500210300002100245990001000266INLIS00000000001433920181227102308181227| ||| 0 ind d a9789799920652 a0010-12180002820 a352.63 a352.63 LUT s0 aLutfiah AminiePengarang10aSukses Menembus Tes PNS aCet 1 aJakarta :bEdsa Mahkota,c2006 a158 hlm ;c14 cm a14657